00583nam a2200193Ia 4500001001000000003000500010008004100015010001100056040000900067082002100076100002000097245010400117260005200221300000900273440002000282500004600302650002300348650001800371Para_3680CHAP220125s1941 xx 000 0 und d a202280 cCHAP aPA-C 632.951 S67 aEbeling, Walter aResults with DDT in control of the grape bud beetle in Coachella valley in 1946 /c Walter Ebeling aReverside, Calif. :b University of California a4 h. aNews letter; 27 aEncuadernado con otros impresos similares aDDT (insecticida)  aUva x Plagas